LEADER 01128nam--2200361---450- 001 990002927770203316 005 20070622090614.0 010 $a92-79-00540-5 035 $a000292777 035 $aUSA01000292777 035 $a(ALEPH)000292777USA01 035 $a000292777 100 $a20070518d2006----km-y0itaa50------ba 101 0 $aita 102 $aLU 105 $aa---z---001yy 200 1 $aViaggiare in Europa$e2006$fUnione europea 210 $aLussemburgo$cUfficio delle pubblicazioni ufficiali delle Comunità europee$d2006 215 $a1 pieghevole$cill.$d23x11 cm 606 0 $aEuropa$xGuide$z2006 676 $a912.4 699 $a18.07$bCartografia 710 02$aCommissione europea :$bDirezione generale Comunicazione$0573563 801 0$aIT$bsalbc$gISBD 912 $a990002927770203316 951 $aCDE 18.07 (V)$bCDE 1333$cCDE 18.07$d00149392 951 $aCDE 18.07 (V)a$bCDE 1334$cCDE 18.07$d00149393 959 $aBK 969 $aCDE 979 $aMARIAS$b90$c20070518$lUSA01$h1051 979 $aMARIAS$b90$c20070622$lUSA01$h0906 996 $aViaggiare in Europa$91020612 997 $aUNISA